000 00849nam a2200241Ia 4500
001 15423
003 GE_BSU
008 181216s||||||||xx |||||||||||||| ||und||
020 _a5529003923
040 _cGE_BSU
080 _a821.353.1-1
100 _aჩანტლაძე,შოთა
245 _aმე შემოდგომის ბაღში ვიყავი.
245 _bლექსები. მოთხრობები
245 _cრედ.ე.ფალიანი. მხატვ.გ.ბუღაძე
260 _aთბილისი
260 _bსაქართველო
260 _c1992
300 _a248გვ.2სმ.
653 _aლექსები. მოთხრობები
653 _aმე შემოდგომის ბაღში ვიყავი.
942 _cBK
999 _c48526
_d48526